000 00806nam a2200241Ia 4500
003 GCL
008 140319s9999 xx 000 0 ara d
040 _aGCL /
_cGCL
082 0 4 _a001.553
_bم ف
100 1 _aمنى سعيد الحديدى
245 1 0 _aالفيديو كاسيت :
_bانماط مشاهدته وتأثيراته . دراسة ميدانية /
_cمنى سعيد الحديدى
700 1 _aسلوى امام على
250 _aالاولى
260 _aالقاهرة :
_bدار الفكر العربى
300 _a268 ص ؛
_c25 سم
650 0 4 _aالفيديو
650 0 4 _aالكاسيت
650 0 4 _aالاعلام
650 0 4 _aالوعى الاجتماعى
650 0 4 _aوسائل الاعلام
650 0 4 _aقياس الرأى العام
942 _2ddc
_cBK
999 _c4854
_d4854